The legend of sadequain : (Record no. 352940)
[ view plain ]
| 000 -LEADER | |
|---|---|
| fixed length control field | 01168 a2200265 4500 |
| 003 - CONTROL NUMBER IDENTIFIER | |
| control field | OSt |
| 005 - DATE AND TIME OF LATEST TRANSACTION | |
| control field | 20180116192351.0 |
| 008 - FIXED-LENGTH DATA ELEMENTS--GENERAL INFORMATION | |
| fixed length control field | 120601t xxu||||| |||| 00| 0 eng d |
| 020 ## - INTERNATIONAL STANDARD BOOK NUMBER | |
| International Standard Book Number | 145053371X (paperback) |
| 020 ## - INTERNATIONAL STANDARD BOOK NUMBER | |
| International Standard Book Number | 9781450533713 (paperback) |
| 040 ## - CATALOGING SOURCE | |
| Transcribing agency | 0 |
| 082 04 - DEWEY DECIMAL CLASSIFICATION NUMBER | |
| Classification number | 745.61095 |
| 100 1# - MAIN ENTRY--PERSONAL NAME | |
| Personal name | Salman Ahmad |
| 9 (RLIN) | 3517 |
| 245 14 - TITLE STATEMENT | |
| Title | The legend of sadequain : |
| Remainder of title | renaissance of calligraphic art in pakistan / |
| Statement of responsibility, etc. | Dr. Salman Ahmad. |
| 260 ## - PUBLICATION, DISTRIBUTION, ETC. | |
| Place of publication, distribution, etc. | San Diego : |
| Name of publisher, distributor, etc. | CreateSpace, |
| Date of publication, distribution, etc. | 2010. |
| 300 ## - PHYSICAL DESCRIPTION | |
| Extent | 242 p. : |
| Other physical details | ill; |
| Dimensions | 26 cm. |
| 520 ## - SUMMARY, ETC. | |
| Summary, etc. | The book is a collection of Sadequain's calligraphic masterpieces. It contains over 160 images of stunning calligraphies, that helped set the vogue of calligraphic art. In addition the book contains insightful information on Sadequain's life and work. |
| 650 10 - SUBJECT ADDED ENTRY--TOPICAL TERM | |
| Topical term or geographic name entry element | Calligraphy |
| 9 (RLIN) | 3518 |
| 650 10 - SUBJECT ADDED ENTRY--TOPICAL TERM | |
| Topical term or geographic name entry element | Calligraphy |
| General subdivision | Juvenile literature |
| 9 (RLIN) | 3519 |
| 650 10 - SUBJECT ADDED ENTRY--TOPICAL TERM | |
| Topical term or geographic name entry element | Calligraphy |
| General subdivision | Technique |
| 9 (RLIN) | 3520 |
| 710 0# - ADDED ENTRY--CORPORATE NAME | |
| Corporate name or jurisdiction name as entry element | Sadequain Foundation |
| 9 (RLIN) | 3521 |
| 856 40 - ELECTRONIC LOCATION AND ACCESS | |
| Materials specified | Amazon.com |
| Uniform Resource Identifier | <a href="http://www.amazon.com/exec/obidos/ASIN/145053371X/chopaconline-20">http://www.amazon.com/exec/obidos/ASIN/145053371X/chopaconline-20</a> |
| 942 ## - ADDED ENTRY ELEMENTS (KOHA) | |
| Institution code [OBSOLETE] | SADA |
| Koha item type | Book |
| Call number prefix | 745.61095 SAL 2010 |
| Source of classification or shelving scheme | |
| Withdrawn status | Lost status | Source of classification or shelving scheme | Damaged status | Not for loan | Permanent Location | Current Location | Date acquired | Total Checkouts | Full call number | Barcode | Date last seen | Date last checked out | Cost, replacement price | Price effective from | Koha item type |
|---|---|---|---|---|---|---|---|---|---|---|---|---|---|---|---|
| School of Art Design and Architecture (SADA) | School of Art Design and Architecture (SADA) | 04/20/2011 | 2 | 745.61095 SAL 2010 | SADA0001020 | 02/17/2015 | 02/17/2015 | 4592.00 | 08/05/2011 | Book |
